000 00466nam a2200181 a 4500
001 4972
003 CO-ViMGA
008 141112s2004 ck r 000 u spa d
040 _aCO-ViMGA
_bspa
_cCO-ViMGA
082 0 4 _a398.26 M476
245 1 0 _aMitos y leyendas Latinoaméricanas
250 _a2a
260 _aBogotá :
_bEducar,
_c1992
300 _a64 p : il
650 1 4 _aLEYENDAS LatinoaméricanaS
650 1 4 _aMITOS LATINOAméricaNOS
_93162
942 _2ddc
_cBK
999 _c16974
_d16974